Central Library OPAC University of Rajshahi

Introduction to Hilbert space and the theory of spectral multiplicity / (Record no. 50954)

MARC details
000 -LEADER
fixed length control field 00780nam a2200253 a 4500
001 - CONTROL NUMBER
control field 50954
003 - CONTROL NUMBER IDENTIFIER
rucl marc code BD-RjUL
005 - DATE AND TIME OF LATEST TRANSACTION
control field 20211209075605.0
008 - FIXED-LENGTH DATA ELEMENTS--GENERAL INFORMATION
fixed length control field 160829s1957 nyu b 000 0 eng d
035 ## - SYSTEM CONTROL NUMBER
System control number (BD-RjUL)51074
040 ## - CATALOGING SOURCE
Original cataloging agency DLC/ICU
Transcribing agency CGU
Modifying agency m.c
-- BD-RjUL
Language of cataloging eng
041 ## - LANGUAGE CODE
Language code of text/sound track or separate title eng
082 ## - DEWEY DECIMAL CLASSIFICATION NUMBER
Classification number 515.733
Edition number 23
Author mark and year HAI 1957
100 1# - MAIN ENTRY--PERSONAL NAME
Personal name Halmos, Paul R.
Fuller form of name (Paul Richard),
Dates associated with a name 1916-2006
9 (RLIN) 152494
245 10 - TITLE STATEMENT
Title Introduction to Hilbert space and the theory of spectral multiplicity /
Statement of responsibility, etc. by Paul R. Halmos.
250 ## - EDITION STATEMENT
Edition statement 2nd ed.
260 ## - PUBLICATION, DISTRIBUTION, ETC. (IMPRINT)
Place of publication, distribution, etc. New York :
Name of publisher, distributor, etc. Chelsea,
Date of publication, distribution, etc. c1957.
300 ## - PHYSICAL DESCRIPTION
Pagination 114 p. ;
Size 24 cm.
504 ## - BIBLIOGRAPHY, ETC. NOTE
Bibliography, etc Includes bibliography
650 #0 - SUBJECT ADDED ENTRY--TOPICAL TERM
Topical term or geographic name as entry element Spectral theory (Mathematics).
9 (RLIN) 151341
Topical term or geographic name as entry element Hilbert space.
9 (RLIN) 151077
942 ## - ADDED ENTRY ELEMENTS (KOHA)
Source of classification or shelving scheme Dewey Decimal Classification
Koha item type Books
Holdings
Lost status Source of classification or shelving scheme Damaged status Not for loan Collection code Permanent Location Current Location Shelving location Date acquired Source of acquisition Cost, normal purchase price Total Checkouts Full call number Date last seen Copy number Koha item type
  Dewey Decimal Classification     Non-fiction Central Library, University of Rajshahi Central Library, University of Rajshahi   06/03/1964 Zeitlinger 26.00   515.733 HAI 1957 29/08/2016 C-2 Books
  Dewey Decimal Classification   Not For Loan Non-fiction Central Library, University of Rajshahi Central Library, University of Rajshahi Reading Room 07/12/1962 Zeitlinger 23.00   515.733 HAI 1957 16/04/2017 C-1 Books